00908nam a22002415i 4500001000700000003000900007005001700016008004100033080001100074100001900085245017000104260003400274300002700308490007000335504003200405650003600437700001800473700002300491700003800514700002500552830005300577852003600630178480ES-MaACL20250902030434.0110602s1969 sp |||| | spa d a332(4)1 aLarcier, R. L.13aEl análisis financiero en Europa / cR. L. Larcier, R. de Vuyst ; prólogo, Jacques Berthoud ; [versión española de Francisco Hortelano y Luis Uceda Bermejo]. aMadrid : bICE, cD. L. 1969. aXVI, 390 p. ; c24 cm.1 aSelecciones de economía de la empresa. Serie A : Tratados ; v3 aBibliografía: p. 383-384.04aAnálisis financiero-zEuropa.0 aVuyst, R. de.1 aBerthoud, Jacques.0 aHortelano Hernández, Francisco.1 aUceda Bermejo, Luis.00aSelecciones de economía de la empresa (ICE)v3 aES-MaACLjE-15230 xOlim P-1278